Using "Locally available" skills for rural development : (Record no. 131519)
[ view plain ]
| 000 -CABECERA | |
|---|---|
| campo de control de longitud fija | 00778nam a2200217 a 4500 |
| 005 - FECHA Y HORA DE LA ÚLTIMA TRANSACCIÓN | |
| campo de control | 20210223130608.0 |
| 008 - ELEMENTOS DE LONGITUD FIJA--INFORMACIÓN GENERAL | |
| campo de control de longitud fija | 080821s1983 mx r 000 0 spa d |
| 035 ## - NÚMERO DE CONTROL DEL SISTEMA | |
| Número de control de sistema | UPN01000159405 |
| 049 ## - COLECCIÓN | |
| Colección | UNE |
| 080 ## - NÚMERO DE CLASIFICACIÓN DECIMAL UNIVERSAL | |
| Número de la Clasificación Decimal Universal | 338 (910) =20 HOP No.132. |
| 100 1# - ASIENTO PRINCIPAL--NOMBRE PERSONAL | |
| Nombre de persona | Hopkins, David |
| 245 10 - MENCIÓN DE TÍTULO | |
| Título | Using "Locally available" skills for rural development : |
| Resto del título | an experience of an Indonesian village in Western Sumatra / |
| Mención de responsabilidad, etc. | by David Hopkins. |
| 260 ## - PUBLICACIÓN, DISTRIBUCIÓN, ETC. | |
| Lugar de publicación, distribución, etc. | París : |
| Nombre del editor, distribuidor, etc. | UNESCO ; |
| Lugar de publicación, distribución, etc. | New York : |
| Nombre del editor, distribuidor, etc. | UNICEF, |
| Fecha de publicación, distribución, etc. | 1983. |
| 300 ## - DESCRIPCIÓN FÍSICA | |
| Extensión | 11 p. : |
| Otras características físicas | il., retrs. |
| 440 #0 - MENCIÓN DE SERIE/ASIENTO SECUNDARIO--TÍTULO | |
| Título | Notes, comments... ; |
| Designación de volumen o secuencia | 132 |
| 690 ## - PUNTO DE ACCESO ADICIONAL DE MATERIA LOCAL--TÉRMINO DE MATERIA (OCLC, RLIN) | |
| Término de materia o nombre geográfico como elemento inicial | Participacion comunitaria - Aldeas - Indonesia |
| 690 ## - PUNTO DE ACCESO ADICIONAL DE MATERIA LOCAL--TÉRMINO DE MATERIA (OCLC, RLIN) | |
| Término de materia o nombre geográfico como elemento inicial | Desarrollo rural - Aldeas - Indonesia |
| 710 2# - ASIENTO SECUNDARIO - NOMBRE CORPORATIVO | |
| Nombre de entidad corporativa o nombre de jurisdicción como elemento de entrada | UNICEF |
| 9 (RLIN) | 24085 |
| 710 2# - ASIENTO SECUNDARIO - NOMBRE CORPORATIVO | |
| Nombre de entidad corporativa o nombre de jurisdicción como elemento de entrada | Programa de Alimentación Mundial |
| 905 ## - TIPO DE MATERIAL | |
| Tipo de material | UNESCO |
No items available.
